Guess the 1970s song lyrics #113 - Statistics

General Stats
  • This quiz has been taken 66 times
  • The average score is 160 of 272
Answer Stats
Answer % Correct
a
94%
I
94%
an
92%
the
88%
The
88%
and
86%
And
86%
you
86%
is
82%
of
82%
Of
82%
to
82%
it
80%
for
78%
in
76%
who
76%
on
75%
be
73%
can
73%
go
73%
me
73%
my
73%
don't
69%
hear
69%
I'm
69%
have
67%
They
65%
no
63%
No
63%
out
63%
you're
63%
from
61%
life
61%
man
61%
so
61%
all
59%
Oh
59%
had
57%
has
57%
long
57%
can't
55%
or
55%
get
51%
law
51%
will
51%
home
49%
running
49%
arm
47%
coming
47%
down
47%
put
47%
said
47%
up
47%
wanna
47%
end
45%
made
45%
see
45%
far
43%
I've
43%
very
43%
fear
41%
found
41%
jig
41%
mama
41%
Mama
41%
wanted
41%
alone
39%
him
39%
was
39%
been
37%
crying
37%
head
37%
renegade
37%
take
37%
Yeah
37%
finally
35%
gallows
35%
Hangman
35%
news
35%
today
35%
dead
33%
scared
33%
alive
29%
bounty
29%
he'll
29%
Lawman
29%
high
27%
let
27%
price
27%
sure
27%
lam
24%
Dear
22%
astray
20%
Retrieved
20%
This'll
20%
judge
18%
Nevermore
18%
crying
16%
Hey
14%
hey
14%
em
12%
revenge
12%
years
12%
No matching quizzes found
Score Distribution
Percent of People with Each Score
Percentile by Number Answered
Your Score History
You have not taken this quiz